Score 0/37 Timer 04:00
0 Plays Today
Hint 4-Letter Word % Correct
A person aged from 13 to 19 yearsTEEN
97.8%
A group of players in a sportTEAM
96.4%
To retain possession ofKEEP
95.3%
The period of time a politician servesTERM
94.6%
✪ Wrangler or Grand Cherokee, e.g. ✪✪ JEEP ✪
94.3%
'Speak directly' to GodPRAY
92.7%
A theatrical productionPLAY
92.2%
✪ Vehicle to clear snow ✪✪ PLOW ✪
91.4%
Having or showing eagerness or enthusiasmKEEN
91.1%
A hole to insert a coinSLOT
90.8%
Fourth planet from the SunMARS
90.7%
✪ Automobiles ✪✪ CARS ✪
90.6%
A color intermediate between black and whiteGRAY
90.3%
Marge's son on 'The Simpsons'BART
90.3%
✪ Horse-pulled storage vehicle ✪✪ CART ✪
90%
A seabirdTERN
89.8%
Ernie's pal on 'Sesame Street'BERT
89%
A long, narrow cut or openingSLIT
87.8%
Female horseMARE
87.7%
Hint 4-Letter Word % Correct
Having XY chromosomesMALE
87.6%
Sluggish; ploddingSLOW
87.1%
A unit of rhythm in musicBEAT
86.8%
A badly behaved childBRAT
86.1%
A cunning planPLOY
85.2%
The loud, harsh cry of a donkey or muleBRAY
83.7%
✪ A cab ✪✪ TAXI ✪
83.1%
'_____ pro quo'QUID
81.5%
Country whose capital is BamakoMALI
79.5%
✪ A trolley car ✪✪ TRAM ✪
78.6%
A set of matching outer garmentsSUIT
78.5%
A really long skirtMAXI
78%
To relinquish or give upQUIT
76.9%
'PARA' or 'URU' followerGUAY
72.6%
✪ All-terrain vehicle (ATV) ✪✪ QUAD ✪
71.6%
A parallel dockQUAY
64.6%
A fraction of an ounceDRAM
42.2%
✪ A heavy horse-pulled storage vehicle ✪✪ DRAY ✪
41.7%

Today's Daily Dose

Missing Word
Lizzo Songs

Get the Picture
The Longest Rivers

Remove Ads.
Support Sporcle.
Get the best of Sporcle when you Go Orange. This ad-free experience offers more features, more stats, and more fun while also helping to support Sporcle. Thank you for becoming a member.

You're not logged in!

Compare scores with friends on all Sporcle quizzes.
OR
Log In

Show Comments

Extras

Top Quizzes Today


Score Distribution

Your Account Isn't Verified!

In order to create a playlist on Sporcle, you need to verify the email address you used during registration. Go to your Sporcle Settings to finish the process.

Report this User

Report this user for behavior that violates our Community Guidelines.

Details: